| 000 | 00480nam a2200145Ia 4500 | ||
|---|---|---|---|
| 008 | 231129s2003||||xx |||||||||||||| ||spa|| | ||
| 020 | _a968-24-5258-9 | ||
| 040 | _bspa | ||
| 082 | _a371.912 F634n | ||
| 100 | _aFlores Beltrán Lilian | ||
| 245 | 0 | _aEl niño sordo de edad preescolar: Identificación diagnóstico y tratamiento guía para padres médicos y maestros | |
| 260 | _c2003 | ||
| 264 | _aMéxico: Trillas | ||
| 942 |
_2ddc _cBKS |
||
| 999 |
_c11872 _d11872 |
||